| 000 | 01257nam a2200289 4500 | ||
|---|---|---|---|
| 001 | 174480 | ||
| 003 | ES-MaACL | ||
| 005 | 20250809063537.0 | ||
| 008 | 100428s1976 sp a |||| |dspa d | ||
| 017 | _aM 18481-1976 | ||
| 080 | _a016(83)(064.3) | ||
| 100 | 1 |
_aPalau Baquero, Mercedes, _d1935-2023 _988495 |
|
| 245 | 1 | 0 |
_aChile en las expediciones científicas españolas de los siglos XVIII y XIX _b: [Museo de América] / _cpor Mercedes Palau. |
| 260 |
_aMadrid : _bDirección General del Patrimonio Artístico y Cultural : _bComisaría Nacional de Museos y de Extensión Cultural, _c[1976] |
||
| 300 |
_a64 p., [1] h. de lám. : _bil. ; _c25 cm. |
||
| 490 | 1 | _aPublicación del Patronato Nacional de Museos | |
| 504 | _aBibliografía: p.41-46. | ||
| 651 | 7 |
_aChile- _vBibliografías- _vExposiciones. _9142614 |
|
| 651 | 4 |
_aChile- _vExposiciones. _9137095 |
|
| 655 | 7 |
_2tgfbne _9193628 _aCatálogos de exposiciones |
|
| 710 | 1 |
_aEspaña. _bDirección General del Patrimonio Artístico y Cultural. _93790 |
|
| 710 | 1 |
_aEspaña. _bComisaría Nacional de Museos y Extensión Cultural. _9142617 |
|
| 830 | 0 |
_aPublicación del Patronato Nacional de Museos _9189429 |
|
| 852 | 4 |
_a BA _jC-57177 |
|
| 942 | _2udc | ||
| 999 |
_c174480 _d174480 |
||